| 000 | 00333nam a2200145Ia 4500 | ||
|---|---|---|---|
| 008 | 200615s9999||||xx |||||||||||||| ||und|| | ||
| 020 | _a978831805831 | ||
| 082 |
_a620 _bAPP-R |
||
| 100 | _aRK,RAJPUT | ||
| 245 | 0 | _aAPPLIED THERMANODYNAMICS | |
| 250 | _a2ND | ||
| 260 |
_aNew Delhi _bLAXMI PUB _c2009 |
||
| 300 | _a796 | ||
| 942 | _cBK | ||
| 999 |
_c28637 _d28637 |
||